First five year plan of Orissa (Record no. 496832)

000 -LEADER
fixed length control field 00328cam a22001097a 4500
008 - FIXED-LENGTH DATA ELEMENTS--GENERAL INFORMATION
fixed length control field 180718b xxu||||| |||| 00| 0 eng d
082 ## - DEWEY DECIMAL CLASSIFICATION NUMBER
Classification number T000x5414 1951-56
245 ## - TITLE STATEMENT
Title First five year plan of Orissa
Statement of responsibility, etc. by Cabinet Department, Orissa
260 ## - PUBLICATION, DISTRIBUTION, ETC.
Place of publication, distribution, etc. Cuttack
Name of publisher, distributor, etc. Cabinet Department
Date of publication, distribution, etc.
300 ## - PHYSICAL DESCRIPTION
Extent 275p.
700 ## - ADDED ENTRY--PERSONAL NAME
Personal name Orissa. Cabinet Department
Holdings
Withdrawn status Lost status Damaged status Not for loan Permanent Location Current Location Date acquired Full call number Barcode Date last seen Price effective from Koha item type
        Indian Institute of Public Administration Indian Institute of Public Administration 2018-08-04 T000x5414 1951-56 GG32727 2018-08-04 2018-08-04 GG

Powered by Koha